000 00854nmm a2200265 a 4500
001 ocm000570980
003 TR-IsHL
005 20201028123300.0
008 110704s2006 tu tur
007 cr cn
020 _a9789944444415
035 _a570980
_b(N$T)
050 0 4 _aPL248.A77
_bY3 2006
090 0 4 _aPL248.A77
_bY3 2006
100 1 _aArslan, Ayhan
245 1 0 _aYaş altmış iş bitmiş: haydi güle güle
_h[electronic resource] /
_cAyhan Arslan
250 _a1. bs.
260 _aİstanbul :
_bAkis Kitap,
_c2006
300 _a112 p.
650 4 _aDil ve Edebiyat
650 4 _aLanguage and Literature
650 0 _aArslan, Ayhan, 1972- .
_x Anılar
650 7 _aBIOGRAPHY & AUTOBIOGRAPHY / Personal Memoirs
_2bisacsh
856 4 0 _uhttp://search.ebscohost.com/login.aspx?direct=true&scope=site&db=e011xww&AN=570980
999 _c2319
_d2319